Statistics for Super Smash Bros Anagrams

Click here to take the quiz!

General Stats

  • This quiz has been taken 9 times
  • The average score is 7 of 20

Answer Stats

HintAnswer% Correct
sew bro jrBowser Jr.
100%
afton cain clapCaptain Falcon
100%
hunk ductDuck Hunt
100%
eh orHero
100%
nekKen
100%
kilnLink
100%
auric loLucario
100%
moiraMario
100%
man gameMega Man
100%
try hamMythra
100%
CPU hiPichu
100%
retryTerry
100%
focalFalco
50%
leap tunaPalutena
50%
yorRoy
50%
a sumsSamus
50%
bazooka i joneBanjo & Kazooie
0%
eat botanyBayonetta
0%
browseBowser
0%
hey bltByleth
0%
ric hazardCharizard
0%
com hrChrom
0%
couldCloud
0%
icon rrCorrin
0%
AI sydDaisy
0%
kid trapDark Pit
0%
karma sudsDark Samus
0%
dodgy kindDiddy Kong
0%
denny koo kgDonkey Kong
0%
air dormDr Mario
0%
ox fFox
0%
donna frogGanondorf
0%
Jane ringGreninja
0%
berm iciclesIce Climbers
0%
eikIke
0%
coiner rainIncineroar
0%
kilningInkling
0%
a belliesIsabelle
0%
ay virusIvysaur
0%
figgy flu pjJigglypuff
0%
rej okJoker
0%
aza yukKazuya
0%
inked edgedKing Dedede
0%
gonk or ilkKing K Rool
0%
bri kyKirby
0%
calm titleLittle Mac
0%
clausLucas
0%
uncialLucina
0%
gu liiLuigi
0%
mr hatMarth
0%
taking themMeta Knight
0%
meow wtMewtwo
0%
lamb wirierMii Brawler
0%
me ruiningMii Gunner
0%
modifier wrightsMii Swordfighter
0%
mini mnMin Min
0%
magma wretchMr Game & Watch
0%
sensNess
0%
arm oilOlimar
0%
cam panPAC-MAN
0%
cheapPeach
0%
haiku PCPikachu
0%
harp plantainPiranha Plant
0%
tipPit
0%
prayPyra
0%
chit errRichter
0%
dry leiRidley
0%
orbROB
0%
bi norRobin
0%
alumina solarRosalina & Luma
0%
ruyRyu
0%
other shipSephiroth
0%
hikesSheik
0%
hulksShulk
0%
no simSimon
0%
ekansSnake
0%
coinsSonic
0%
oarsSora
0%
iq resultSquirtle
0%
see TVSteve
0%
noon kiltToon Link
0%
viral gelVillager
0%
AI rowWario
0%
air fire nitwitWii Fit Trainer
0%
flowWolf
0%
hi soyYoshi
0%
gunky lionYoung Link
0%
lazedZelda
0%
arums outsizesZero Suit Samus
0%

Score Distribution

Percentile by Number Answered

Percent of People with Each Score

Your Score History

You have not taken this quiz